00607cam a22002171 4500001001300000003000400013005001700017008004100034010001700075025001900092035001900111040001800130042001200148050001800160100002600178245006300204260004900267300002300316650003300339999001700372sa 66004124 DLC20260227112240.0820420q19601967ii 000 0 eng  asa 66004124  aPL480:I-E-5228 a(OCoLC)8354741 aDLCcViUdDLC apremarc00aHD8686.5b.R31 aRamanujam, G.,d1916-10aIndustrial relations;ba point of viewc[by] G. Ramanujam. aNew Delhi,bIndian National Congressc[196-] axi, 127 p.c23 cm. 0aIndustrial relationszIndia. c69248d69248